Ville Pokémon - Sinnoh - Statistiques

Statistiques générales
  • Ce quiz a été pris 24 fois
  • Le résultat moyen est 11 sur 25
Statistiques - réponses
Réponse % Correct
Charbourg
95%
Frimapic
95%
Vestigion
95%
Bonaugure
89%
Rivamar
89%
Unionpolis
89%
Voilaroc
89%
Bonville
84%
Féli-cité
84%
Célestia
79%
Verchamps
79%
Littorella
68%
Joliberges
58%
Aubeville
5%
Alamos
0%
Chocoliane
0%
Couropolis
0%
Gerbera
0%
Majolica
0%
Marantaville
0%
Michina
0%
Nénupharville
0%
Scutellaria
0%
Ville refuge
0%
Voisinville
0%
Aucun quiz correspondant
Distribution des résultats
% des personnes avec chaque résultat
Percentile par nombre de réponses
Votre historique - résultats
Vous n’avez pas pris ce quiz